000 00594nam a2200193Ia 4500
005 20250508151720.0
008 008 250505s9999 xx 000 0 eng d
037 _aTextual
040 _aFEDL
_beng
_cFEDL
041 _aeng
_2eng
084 _a371.42, BEN
_qFEDL
100 _aBennett Margaret E.
_9140006
245 0 _aGuidance in groups : A resource book for teachers, counselors, and administrators
260 _aNew York, USA
_bMcGraw-Hill Book Company
_c1955
300 _axi,411p.
650 _aEducation
942 _cTEXL
_h371.42, BEN
999 _c1331641
_d1331641